000 00692nam a2200277Ia 4500
001 13574
005 20240113235454.0
007 ta
008 051112s1909 a g b000 u 465 u
040 _aCotton College Assam
041 _a465
082 _a580
_bT 142 F
100 _aTalbot, W.A. .
245 0 _aForest Flora of the Bombay Presidency and Sind /
_cW.A. Talbot.
_hTextual Documents
250 _a1st ed. /
260 _aPoona :
_bSn ,
_c1909.
300 _avi,508p. :
_bill ;
_c30cm .
362 _aVol. l-
504 _aIndex
653 _aBotany
653 _aPlants
653 _aG-Botany
942 _2ddc
_cBK
999 _c13560
_d13560